000 00688nam a2200253Ia 4500
008 180523s9999 xx 000 0 und d
020 _a0-07-115749-2
050 _aMAIN JZ 1305
050 _b.H46 1998
100 _aHenderson, Conway W.
245 0 _aInternational relations :
245 0 _bconflict and cooperation at the turn of the 21st century /
245 0 _cConway W. Henderson.
250 _aInt'l Ed.
260 _aNew York :
260 _bMcGraw-Hill,
260 _c1998
300 _a520 pages :
300 _billustrations ;
300 _c23 cm.
500 _aIncludes index.
650 _aInternational relations.
650 _xInternational cooperation.
999 _c357299
_d357299